[Event "POL-chT 2nd League"]
[Site "Mrzezyno"]
[Date "2011.09.11"]
[Round "9.96"]
[White "Wierzbicka, Wiktoria"]
[Black "Starczewska, Dominika"]
[Result "1/2-1/2"]
[WhiteElo "2023"]
[BlackElo "1910"]
[PlyCount "62"]
[EventDate "2011.09.03"]
[EventType "team-swiss"]
[EventRounds "9"]
[EventCountry "POL"]
[SourceTitle "EXT 2019"]
[Source "ChessBase"]
[SourceDate "2018.10.10"]
[SourceVersion "1"]
[SourceVersionDate "2018.10.10"]
[SourceQuality "1"]
[WhiteTeam "Zielonka Zieloni"]
[BlackTeam "Bogatynia UKS SP3"]
[WhiteTeamCountry "POL"]
[BlackTeamCountry "POL"]

1. e4 e5 2. Nf3 Nc6 3. Bb5 a6 4. Ba4 Nf6 5. 0-0 Be7 6. Re1 b5 7. Bb3 0-0 8. c3 d6 9. h3 Na5 10. Bc2 c5 11. d4 Qc7 12. d5 Re8 13. Nbd2 Bd7 14. Nf1 Bf8 15. Ng3 g6 16. a4 bxa4 17. Bxa4 Bg7 18. Bxd7 Nxd7 19. Be3 Nc4 20. Ra2 Nxe3 21. Rxe3 Reb8 22. Nd2 Nb6 23. Qe2 Qb7 24. Nc4 Nxc4 25. Qxc4 Qb5 26. Qxb5 axb5 27. Rxa8 Rxa8 28. Re1 b4 29. cxb4 cxb4 30. Rc1 Kf8 31. Kf1 Bh6 1/2-1/2

[Event "POL-chT 2nd League"]
[Site "Mrzezyno"]
[Date "2011.09.07"]
[Round "5"]
[White "Wierzbicka, Wiktoria"]
[Black "Krokay, Urszula"]
[Result "1-0"]
[WhiteElo "2023"]
[BlackElo "1887"]
[PlyCount "51"]
[EventDate "2011.09.03"]
[EventType "team-swiss"]
[EventRounds "9"]
[EventCountry "POL"]
[SourceTitle "EXT 2015"]
[Source "ChessBase"]
[SourceDate "2014.11.20"]
[SourceVersion "1"]
[SourceVersionDate "2014.11.20"]
[SourceQuality "1"]
[WhiteTeam "Zielonka Zieloni"]
[BlackTeam "Wisznia Mala OKSiR"]
[WhiteTeamCountry "POL"]
[BlackTeamCountry "POL"]

1. e4 e5 2. Nf3 Nc6 3. Bb5 a6 4. Ba4 Nf6 5. 0-0 Be7 6. Re1 b5 7. Bb3 0-0 8. c3 d5 9. d4 dxe4 10. Nxe5 Na5 11. Bc2 c5 12. Bg5 Bb7 13. dxc5 Bxc5 14. b4 Bd6 15. Ng4 Nc4 16. Nxf6+ gxf6 17. Bh6 f5 18. Bxf8 Qxf8 19. Qh5 Bc8 20. Qg5+ Kh8 21. Bb3 Be7 22. Qh5 Ne5 23. Bd5 Ra7 24. Bxe4 Bf6 25. Bxf5 Qg7 26. Bxc8 1-0

[Event "Gdansk op 13th"]
[Site "Gdansk"]
[Date "2011.07.22"]
[Round "7"]
[White "Wierzbicka, Wiktoria"]
[Black "Budrewicz, Krzysztof"]
[Result "1-0"]
[WhiteElo "2014"]
[BlackElo "2194"]
[PlyCount "92"]
[EventDate "2011.07.17"]
[EventType "swiss"]
[EventRounds "9"]
[EventCountry "POL"]
[SourceTitle "CBM 143 Extra"]
[Source "ChessBase"]
[SourceDate "2011.08.29"]
[SourceVersion "1"]
[SourceVersionDate "2011.08.29"]
[SourceQuality "1"]

1. e4 d5 2. exd5 Nf6 3. d4 Nxd5 4. Nf3 g6 5. c4 Nb6 6. a4 a5 7. c5 Nd5 8. Nc3 Bg7 9. Bc4 c6 10. Qb3 0-0 11. 0-0 e6 12. Ne4 Nd7 13. Re1 b6 14. Bg5 f6 15. Bh4 bxc5 16. Nxc5 Nxc5 17. dxc5 Bd7 18. Bg3 Re8 19. Bxd5 cxd5 20. Nd4 Ra6 21. Rac1 Qa8 22. Nb5 Qb7 23. Qd3 Rf8 24. Nc7 Rc6 25. Nxd5 Be8 26. Nb6 e5 27. Qd2 Qa7 28. Qd5+ Qf7 29. Qd2 Qa7 30. f4 Bh6 31. Rc3 Bf7 32. Qf2 Bg7 33. Qd2 e4 34. f5 gxf5 35. Bf4 Qe7 36. Bd6 Rd8 37. Nd5 Qa7 38. Kh1 Rdxd6 39. cxd6 Rxd6 40. Rc8+ Bf8 41. Nxf6+ Rxf6 42. Qd8 Be6 43. Qxf6 Bxc8 44. Qd8 Bb7 45. Re3 f4 46. Rb3 f3 1-0

[Event "Gdansk op 13th"]
[Site "Gdansk"]
[Date "2011.07.19"]
[Round "4"]
[White "Kindler, Przemyslaw"]
[Black "Wierzbicka, Wiktoria"]
[Result "0-1"]
[WhiteElo "1666"]
[BlackElo "2014"]
[PlyCount "88"]
[EventDate "2011.07.17"]
[EventType "swiss"]
[EventRounds "9"]
[EventCountry "POL"]
[SourceTitle "CBM 143 Extra"]
[Source "ChessBase"]
[SourceDate "2011.08.29"]
[SourceVersion "1"]
[SourceVersionDate "2011.08.29"]
[SourceQuality "1"]

1. e4 c5 2. Nf3 Nc6 3. d4 cxd4 4. Nxd4 Nf6 5. Nc3 e6 6. a3 Be7 7. Be3 a6 8. Be2 Qc7 9. 0-0 d6 10. f4 0-0 11. Kh1 Re8 12. Qe1 Na5 13. Qg3 Nc4 14. Bxc4 Qxc4 15. e5 Nd7 16. exd6 Bxd6 17. Ne4 Bc7 18. Qf3 Bb8 19. Qh3 e5 20. Nd2 Qc7 21. Nf5 Nf8 22. Qg4 Bxf5 23. Qxf5 Qd7 24. Qg5 exf4 25. Rxf4 Bxf4 26. Bxf4 Ne6 27. Qg4 Qd4 28. g3 Nxf4 29. Nf3 Qxb2 30. Rf1 Ng6 31. h4 Ne5 32. Qf4 Nxf3 33. Rxf3 Re1+ 34. Kh2 Qxc2+ 35. Rf2 Qg6 36. Qb4 Qe4 37. Rf3 Rh1+ 38. Kxh1 Qxf3+ 39. Kh2 Re8 40. Qd6 Re2+ 41. Kh3 Qf5+ 42. g4 Qf3+ 43. Qg3 Qh1+ 44. Qh2 Qxh2# 0-1

[Event "Krakow Malopolski-chA"]
[Site "Krakow"]
[Date "2011.05.07"]
[Round "7"]
[White "Wierzbicka, Wiktoria"]
[Black "Sanetra, Szymon"]
[Result "1/2-1/2"]
[WhiteElo "2026"]
[BlackElo "2028"]
[PlyCount "91"]
[EventDate "2011.05.01"]
[EventType "swiss"]
[EventRounds "9"]
[EventCountry "POL"]
[SourceTitle "EXT 2013"]
[Source "ChessBase"]
[SourceDate "2012.11.22"]
[SourceVersion "1"]
[SourceVersionDate "2012.11.22"]
[SourceQuality "1"]

1. e4 c6 2. d4 d5 3. exd5 cxd5 4. c4 Nf6 5. Nc3 e6 6. Nf3 Be7 7. cxd5 Nxd5 8. Bd3 0-0 9. 0-0 Nc6 10. Re1 Nf6 11. a3 a6 12. Bc2 b5 13. Qd3 g6 14. Bh6 Re8 15. h4 Bb7 16. Rad1 Qd6 17. Bg5 Rad8 18. Bb3 Kg7 19. d5 exd5 20. Nxd5 Nxd5 21. Qxd5 Qxd5 22. Bxd5 f6 23. Bf4 Bf8 24. Ba2 Rxe1+ 25. Rxe1 Nd4 26. Nxd4 Rxd4 27. Be3 Re4 28. Rd1 Re8 29. Rd7+ Re7 30. Rd8 Bc6 31. Rc8 Bb7 32. Rd8 Bc6 33. Bd4 Re8 34. Rxe8 Bxe8 35. Bd5 b4 36. axb4 Bxb4 37. Bc4 Bb5 38. Bxb5 axb5 39. Kf1 Kf7 40. Ke2 Ke6 41. Kf3 h5 42. g4 hxg4+ 43. Kxg4 f5+ 44. Kg5 Be7+ 45. Kxg6 Bxh4 46. Kh5 1/2-1/2

[Event "Krakow Malopolski-chA"]
[Site "Krakow"]
[Date "2011.05.02"]
[Round "2"]
[White "Goslawski, Michal"]
[Black "Wierzbicka, Wiktoria"]
[Result "1-0"]
[WhiteElo "2033"]
[BlackElo "2026"]
[PlyCount "103"]
[EventDate "2011.05.01"]
[EventType "swiss"]
[EventRounds "9"]
[EventCountry "POL"]
[SourceTitle "EXT 2013"]
[Source "ChessBase"]
[SourceDate "2012.11.22"]
[SourceVersion "1"]
[SourceVersionDate "2012.11.22"]
[SourceQuality "1"]

1. Nf3 c5 2. c4 Nf6 3. g3 Nc6 4. Bg2 e6 5. 0-0 d5 6. d4 dxc4 7. dxc5 Qxd1 8. Rxd1 Bxc5 9. Nbd2 Ng4 10. Ne4 Be7 11. h3 Nf6 12. Nfd2 Na5 13. Nxf6+ Bxf6 14. Ne4 Be7 15. Bd2 Nc6 16. Bc3 0-0 17. Nd6 Bxd6 18. Rxd6 Ne7 19. Rad1 Nd5 20. Bxd5 exd5 21. R1xd5 Bxh3 22. g4 f6 23. f3 g6 24. Bxf6 Rae8 25. Kh2 Bf1 26. e4 Bd3 27. e5 h6 28. Rd7 Rf7 29. Rxf7 Kxf7 30. Rd7+ Ke6 31. Rxb7 a5 32. Rb6+ Kf7 33. Kg3 a4 34. Ra6 Rb8 35. g5 hxg5 36. Bxg5 Bf5 37. Rf6+ Ke8 38. Rc6 Rc8 39. Ra6 Rb8 40. e6 a3 41. bxa3 Rc8 42. Kf4 c3 43. Ke5 c2 44. Kf6 Kd8 45. Kf7+ Kc7 46. Ra5 Kd6 47. Be7+ Kc6 48. Rc5+ Kb7 49. Rxc8 Kxc8 50. Bg5 Kc7 51. e7 Bd7 52. e8Q 1-0

[Event "Krakow Malopolski-chA"]
[Site "Krakow"]
[Date "2011.05.01"]
[Round "1"]
[White "Wierzbicka, Wiktoria"]
[Black "Barski, Radoslaw"]
[Result "0-1"]
[WhiteElo "2026"]
[BlackElo "2284"]
[PlyCount "62"]
[EventDate "2011.05.01"]
[EventType "swiss"]
[EventRounds "9"]
[EventCountry "POL"]
[SourceTitle "EXT 2013"]
[Source "ChessBase"]
[SourceDate "2012.11.22"]
[SourceVersion "1"]
[SourceVersionDate "2012.11.22"]
[SourceQuality "1"]

1. e4 e6 2. d3 d5 3. Nd2 Nf6 4. Ngf3 b6 5. g3 dxe4 6. dxe4 Bb7 7. Qe2 Bc5 8. Bh3 a5 9. 0-0 Ba6 10. c4 Nc6 11. e5 Nd7 12. Ne4 h6 13. Nxc5 Nxc5 14. Rd1 Qe7 15. Be3 Rd8 16. Rxd8+ Kxd8 17. Nd4 Nxd4 18. Bxd4 Kc8 19. Bxc5 Qxc5 20. Qf3 Bb7 21. Qxf7 Rf8 22. Qxe6+ Kb8 23. Rf1 Bc8 24. Qd5 Bxh3 25. Qxc5 bxc5 26. Rd1 Be6 27. h4 g5 28. h5 g4 29. Rd3 Rf5 30. Ra3 Rxh5 31. Rxa5 Rxe5 0-1

[Event "EU-ch U18 Girls 19th"]
[Site "Fermo"]
[Date "2009.09.01"]
[Round "2"]
[White "Wierzbicka, Wiktoria"]
[Black "Korchagina, Victoria"]
[Result "1-0"]
[WhiteElo "2037"]
[BlackElo "2166"]
[PlyCount "123"]
[EventDate "2009.08.31"]
[EventType "swiss"]
[EventRounds "9"]
[EventCountry "ITA"]
[SourceTitle "CBM 132 Extra"]
[Source "ChessBase"]
[SourceDate "2009.11.03"]
[SourceVersion "1"]
[SourceVersionDate "2009.11.03"]
[SourceQuality "1"]

1. e4 c5 2. Nf3 d6 3. d4 cxd4 4. Nxd4 Nf6 5. Nc3 a6 6. Bc4 e6 7. Bb3 Nbd7 8. Bg5 Qa5 9. Qd2 Be7 10. 0-0 Nc5 11. f3 Nxb3 12. axb3 Qc7 13. Ndb5 Qc5+ 14. Be3 Qc6 15. Rfd1 0-0 16. Nxd6 Rd8 17. Nxc8 Raxc8 18. Qf2 Bb4 19. Na4 h6 20. c3 Bd6 21. Nb6 Rb8 22. Nc4 Bc7 23. Bd4 b5 24. Na5 Qa8 25. b4 Nd7 26. Qh4 Ne5 27. Bxe5 Bxe5 28. Rxd8+ Rxd8 29. f4 Bf6 30. Qe1 Qa7+ 31. Kh1 Qd7 32. e5 Be7 33. Nb3 g5 34. fxg5 Bxg5 35. h4 Bf4 36. Qe2 f5 37. exf6 e5 38. Nc5 Qf5 39. Ne4 Kh8 40. g3 Qh3+ 41. Qh2 Qf5 42. gxf4 Qxe4+ 43. Qg2 Qxg2+ 44. Kxg2 exf4 45. Rxa6 Kg8 46. Kf3 Rd2 47. Kxf4 Rxb2 48. Kf5 Rg2 49. Ra8+ Kf7 50. Ra7+ Kf8 51. Rb7 Rg3 52. Rxb5 Rxc3 53. Rb8+ Kf7 54. Rb7+ Kf8 55. Kg6 Rg3+ 56. Kxh6 Rf3 57. Kg5 Rg3+ 58. Kf4 Rh3 59. Kg4 Rh1 60. h5 Rg1+ 61. Kf5 Rh1 62. b5 1-0

[Event "POL-ch U18 Girls"]
[Site "Chotowa"]
[Date "2009.04.04"]
[Round "10"]
[White "Demidowicz, Maria"]
[Black "Wierzbicka, Wiktoria"]
[Result "1-0"]
[WhiteElo "2131"]
[BlackElo "2045"]
[PlyCount "81"]
[EventDate "2009.03.28"]
[EventType "swiss"]
[EventRounds "11"]
[EventCountry "POL"]
[SourceTitle "EXT 2011"]
[Source "ChessBase"]
[SourceDate "2010.11.26"]
[SourceVersion "1"]
[SourceVersionDate "2010.11.26"]
[SourceQuality "1"]

1. e4 c5 2. Nf3 d6 3. d4 cxd4 4. Nxd4 Nf6 5. Nc3 Nc6 6. Bg5 h6 7. Bh4 g5 8. Bg3 Bg7 9. Nxc6 bxc6 10. e5 Ng4 11. exd6 f5 12. Be2 h5 13. dxe7 Qxd1+ 14. Rxd1 f4 15. h3 fxg3 16. hxg4 gxf2+ 17. Kxf2 Bxg4 18. Bxg4 hxg4 19. Rhe1 Bf6 20. Re6 Bxe7 21. Rxc6 Rf8+ 22. Kg3 Rb8 23. b3 Rf4 24. Re6 Kf7 25. Rxe7+ Kxe7 26. Nd5+ Ke6 27. Nxf4+ gxf4+ 28. Kxf4 Rb4+ 29. c4 a5 30. Kxg4 a4 31. Rd3 Rb8 32. Kf4 Rf8+ 33. Ke3 Rg8 34. Kf2 Ke5 35. Rd5+ Ke4 36. Ra5 axb3 37. axb3 Rb8 38. Rb5 Rf8+ 39. Kg1 Kd4 40. g4 Ke4 41. Kg2 1-0

[Event "POL-ch U18 Girls"]
[Site "Chotowa"]
[Date "2009.04.03"]
[Round "9"]
[White "Wierzbicka, Wiktoria"]
[Black "Labedz, Patrycja"]
[Result "0-1"]
[WhiteElo "2045"]
[BlackElo "1992"]
[PlyCount "114"]
[EventDate "2009.03.28"]
[EventType "swiss"]
[EventRounds "11"]
[EventCountry "POL"]
[SourceTitle "EXT 2011"]
[Source "ChessBase"]
[SourceDate "2010.11.26"]
[SourceVersion "1"]
[SourceVersionDate "2010.11.26"]
[SourceQuality "1"]

1. e4 c6 2. d4 d5 3. Nc3 dxe4 4. Nxe4 Bf5 5. Ng3 Bg6 6. h4 h6 7. h5 Bh7 8. Nf3 Nd7 9. Bd3 Bxd3 10. Qxd3 Qc7 11. Bd2 e6 12. Ne4 Ngf6 13. 0-0-0 0-0-0 14. g3 Nxe4 15. Qxe4 Nf6 16. Qe2 Bd6 17. Rh4 Rhe8 18. Ne5 c5 19. Nc4 cxd4 20. Rxd4 Nd5 21. Ba5 b6 22. Nxd6+ Qxd6 23. Bb4 Qb8 24. Ba3 Qb7 25. Qe5 f6 26. Rc4+ Nc7 27. Rxd8+ Kxd8 28. Qd6+ Kc8 29. Rc6 e5 30. Rc3 Rd8 31. Qc6 Qxc6 32. Rxc6 Kb7 33. Rd6 Rxd6 34. Bxd6 Ne8 35. Bf8 Kc6 36. c4 f5 37. Kd2 Kd7 38. b4 Ke6 39. b5 Kf7 40. Bb4 Nf6 41. Bd6 Ke6 42. Bb8 Nxh5 43. Ke3 Nf6 44. Bxa7 Nd7 45. a4 Kd6 46. Kd3 g5 47. Kc3 Kc7 48. a5 bxa5 49. Kb3 Kb7 50. Be3 f4 51. Bd2 Kb6 52. Bc3 h5 53. Ka4 h4 54. gxf4 gxf4 55. f3 h3 56. Bxa5+ Kc5 57. Kb3 h2 0-1

[Event "POL-ch U18 Girls"]
[Site "Chotowa"]
[Date "2009.04.01"]
[Round "7"]
[White "Wierzbicka, Wiktoria"]
[Black "Kulon, Klaudia"]
[Result "1-0"]
[WhiteElo "2045"]
[BlackElo "2251"]
[PlyCount "67"]
[EventDate "2009.03.28"]
[EventType "swiss"]
[EventRounds "11"]
[EventCountry "POL"]
[SourceTitle "EXT 2011"]
[Source "ChessBase"]
[SourceDate "2010.11.26"]
[SourceVersion "1"]
[SourceVersionDate "2010.11.26"]
[SourceQuality "1"]

1. e4 c5 2. Nf3 d6 3. d4 cxd4 4. Nxd4 Nf6 5. Nc3 g6 6. Be3 Bg7 7. f3 Nc6 8. Qd2 Bd7 9. 0-0-0 h5 10. Kb1 Rc8 11. h4 Ne5 12. Nb3 a6 13. Qf2 Nc4 14. Bxc4 Rxc4 15. Nd2 Rxc3 16. bxc3 Qc8 17. Bd4 e5 18. Bb6 Qxc3 19. Qe3 Qc6 20. Nb3 Be6 21. Ba5 0-0 22. Qb6 Qc4 23. Rxd6 Ne8 24. Rd3 Nf6 25. Bb4 Nd7 26. Rxd7 Bxd7 27. Bxf8 Bxf8 28. Kb2 Bb4 29. Qd8+ Kg7 30. Qxd7 Qc3+ 31. Kc1 Ba3+ 32. Kd1 Qb2 33. Ke2 Bb4 34. Qd3 1-0

[Event "POL-ch U18 Girls"]
[Site "Chotowa"]
[Date "2009.03.30"]
[Round "3"]
[White "Warakomska, Anna"]
[Black "Wierzbicka, Wiktoria"]
[Result "1-0"]
[WhiteElo "2169"]
[BlackElo "2045"]
[PlyCount "65"]
[EventDate "2009.03.28"]
[EventType "swiss"]
[EventRounds "11"]
[EventCountry "POL"]
[SourceTitle "EXT 2011"]
[Source "ChessBase"]
[SourceDate "2010.11.26"]
[SourceVersion "1"]
[SourceVersionDate "2010.11.26"]
[SourceQuality "1"]

1. d4 d5 2. c4 c6 3. Nf3 Nf6 4. Nc3 e6 5. e3 Nbd7 6. Bd3 dxc4 7. Bxc4 b5 8. Bd3 b4 9. Ne4 Nxe4 10. Bxe4 Bb7 11. 0-0 Rc8 12. Bd2 Be7 13. Qc2 Nf6 14. Bd3 c5 15. Bb5+ Kf8 16. Qd3 Bxf3 17. gxf3 h5 18. Rac1 Kg8 19. Rfd1 Bd6 20. dxc5 Bxh2+ 21. Kxh2 Ng4+ 22. fxg4 Qh4+ 23. Kg2 Qxg4+ 24. Kf1 Rh6 25. Qd4 Qh3+ 26. Ke2 Rf6 27. Qe4 Qh2 28. Be1 h4 29. c6 g5 30. Ba6 Rc7 31. Rd8+ Kg7 32. Bd3 Rf5 33. Qd4+ 1-0

[Event "POL-ch U18 Girls"]
[Site "Chotowa"]
[Date "2009.03.29"]
[Round "2"]
[White "Wierzbicka, Wiktoria"]
[Black "Jasnikowska, Daria"]
[Result "1-0"]
[WhiteElo "2045"]
[BlackElo "1762"]
[PlyCount "109"]
[EventDate "2009.03.28"]
[EventType "swiss"]
[EventRounds "11"]
[EventCountry "POL"]
[SourceTitle "EXT 2011"]
[Source "ChessBase"]
[SourceDate "2010.11.26"]
[SourceVersion "1"]
[SourceVersionDate "2010.11.26"]
[SourceQuality "1"]

1. e4 d5 2. exd5 Qxd5 3. Nc3 Qa5 4. d4 Nf6 5. Nf3 c6 6. Bc4 Bg4 7. h3 Bh5 8. g4 Bg6 9. Bd2 e6 10. Nd5 Qd8 11. Nxf6+ gxf6 12. Bb3 Nd7 13. Qe2 Qc7 14. 0-0-0 0-0-0 15. Nh4 Bd6 16. Nxg6 hxg6 17. h4 Rh7 18. h5 Rdh8 19. Qf3 gxh5 20. gxh5 c5 21. dxc5 Nxc5 22. Kb1 Be5 23. Be3 Nxb3 24. cxb3 Kb8 25. Rc1 Qd8 26. Rhd1 Qe8 27. Rc4 Qb5 28. a4 Qa6 29. h6 Rc8 30. Rxc8+ Kxc8 31. Qe4 Rh8 32. Rc1+ Kd7 33. h7 Bd6 34. Bd4 f5 35. Qh4 e5 36. Bc3 Qd3+ 37. Ka2 f4 38. Qg4+ Ke7 39. Qg5+ Ke6 40. Qh6+ Qg6 41. Qh3+ Qf5 42. Qh1 f3 43. Qh6+ Qg6 44. Qe3 Rxh7 45. Qxf3 b6 46. Qa8 f6 47. Rd1 Rd7 48. Qd5+ Ke7 49. Bb4 f5 50. Qxe5+ Qe6 51. Bxd6+ Rxd6 52. Qg7+ Ke8 53. Rxd6 Qxd6 54. Qxa7 Qc5 55. a5 1-0

[Event "Krakow op-A 19th"]
[Site "Krakow"]
[Date "2009.01.03"]
[Round "8"]
[White "Wierzbicka, Wiktoria"]
[Black "Hansen, Knut Are"]
[Result "1-0"]
[WhiteElo "2056"]
[BlackElo "2076"]
[PlyCount "83"]
[EventDate "2008.12.26"]
[EventType "swiss"]
[EventRounds "9"]
[EventCountry "POL"]
[SourceTitle "CBM 128 Extra"]
[Source "ChessBase"]
[SourceDate "2009.03.05"]
[SourceVersion "2"]
[SourceVersionDate "2009.03.25"]
[SourceQuality "1"]

1. e4 e6 2. d3 c5 3. Nd2 Nc6 4. Ngf3 d5 5. g3 Nf6 6. Bg2 Be7 7. 0-0 0-0 8. Re1 dxe4 9. dxe4 Qc7 10. e5 Nd5 11. Nf1 Bd7 12. c4 Nb6 13. Qe2 Rad8 14. Bf4 Nb8 15. Ne3 Bc6 16. Ng4 Bxf3 17. Bxf3 Nc6 18. Be4 Nd4 19. Qf1 Qc8 20. Qh3 Nf5 21. Ne3 g6 22. Ng4 f6 23. Bxf5 gxf5 24. Nxf6+ Bxf6 25. exf6 Rf7 26. b3 Re8 27. Qh4 Nd7 28. Bg5 Nf8 29. Qf4 Nd7 30. Qh4 Nf8 31. Rad1 Rd8 32. Qf4 Rxd1 33. Rxd1 Rd7 34. Rd6 Qc7 35. Rxd7 Qxd7 36. h4 h5 37. Bh6 Qf7 38. Qg5+ Ng6 39. Bg7 Nf8 40. Qh6 Nh7 41. Qe3 b6 42. Qe5 1-0

[Event "Krakow op-A 19th"]
[Site "Krakow"]
[Date "2008.12.29"]
[Round "4"]
[White "Wierzbicka, Wiktoria"]
[Black "Gluszko, Monika"]
[Result "1-0"]
[WhiteElo "2056"]
[BlackElo "1901"]
[PlyCount "65"]
[EventDate "2008.12.26"]
[EventType "swiss"]
[EventRounds "9"]
[EventCountry "POL"]
[SourceTitle "CBM 128 Extra"]
[Source "ChessBase"]
[SourceDate "2009.03.05"]
[SourceVersion "2"]
[SourceVersionDate "2009.03.25"]
[SourceQuality "1"]

1. e4 c5 2. Nf3 d6 3. d4 cxd4 4. Nxd4 Nf6 5. Nc3 Nc6 6. Bg5 e6 7. Qd2 a6 8. 0-0-0 Bd7 9. f4 h6 10. Bh4 g5 11. fxg5 Ng4 12. Be2 Nge5 13. Nf3 Be7 14. Kb1 Rg8 15. Bg3 hxg5 16. Rhf1 g4 17. Nxe5 dxe5 18. Qh6 Rg6 19. Qh7 Bf6 20. Bh4 Ke7 21. Bxf6+ Rxf6 22. Rxf6 Kxf6 23. Rf1+ Ke7 24. Qxf7+ Kd6 25. Bxg4 Nd4 26. Ne2 Qg5 27. Nxd4 Qxg4 28. Nf3 Bc6 29. Rd1+ Kc5 30. Qe7+ Kb5 31. a4+ Kxa4 32. Qc5 b5 33. Qa3# 1-0

[Event "Krakow op-A 19th"]
[Site "Krakow"]
[Date "2008.12.27"]
[Round "1"]
[White "Galazewski, Tomasz"]
[Black "Wierzbicka, Wiktoria"]
[Result "1-0"]
[WhiteElo "2245"]
[BlackElo "2056"]
[PlyCount "97"]
[EventDate "2008.12.26"]
[EventType "swiss"]
[EventRounds "9"]
[EventCountry "POL"]
[SourceTitle "CBM 128 Extra"]
[Source "ChessBase"]
[SourceDate "2009.03.05"]
[SourceVersion "2"]
[SourceVersionDate "2009.03.25"]
[SourceQuality "1"]

1. e4 c5 2. Nf3 d6 3. d4 cxd4 4. Qxd4 a6 5. c4 Nc6 6. Qd2 Nf6 7. Nc3 e6 8. Be2 Be7 9. 0-0 0-0 10. b3 b6 11. Rd1 Qc7 12. Ba3 Rd8 13. Rac1 Qa7 14. h3 Bb7 15. Qe3 Rab8 16. Qf4 Ne8 17. Qg3 Ba8 18. Bb2 Bf6 19. Rd2 Ne5 20. Rcd1 Nxf3+ 21. Qxf3 Bc6 22. a4 Qb7 23. Bd3 Kh8 24. Qe2 Bg5 25. Rc2 Ra8 26. b4 Nf6 27. b5 axb5 28. cxb5 Be8 29. Re1 Nd7 30. e5 d5 31. Qg4 Bh6 32. Rce2 Nc5 33. Qd4 Nxd3 34. Qxd3 d4 35. Ne4 Rxa4 36. Nd6 Qd5 37. Re4 Bg5 38. Rxd4 Rxd4 39. Qxd4 Qc5 40. Qxc5 bxc5 41. b6 Kg8 42. Nxe8 Rxe8 43. b7 Rb8 44. Ra1 Bd8 45. Ra8 Bc7 46. Ba3 f6 47. Bxc5 Kf7 48. Rxb8 Bxb8 49. Bd6 1-0

[Event "EU-ch U18 Girls 18th"]
[Site "Herceg Novi"]
[Date "2008.09.24"]
[Round "9"]
[White "Wierzbicka, Wiktoria"]
[Black "Dudas, Eszter"]
[Result "1/2-1/2"]
[WhiteElo "2033"]
[BlackElo "2108"]
[PlyCount "102"]
[EventDate "2008.09.15"]
[EventType "swiss"]
[EventRounds "9"]
[EventCountry "MNE"]
[SourceTitle "CBM 126 Extra"]
[Source "ChessBase"]
[SourceDate "2008.11.05"]
[SourceVersion "1"]
[SourceVersionDate "2008.11.05"]
[SourceQuality "1"]

1. e4 c5 2. Nf3 e6 3. d4 cxd4 4. Nxd4 a6 5. c4 Qc7 6. Nc3 Nf6 7. Be2 b6 8. Be3 Bb7 9. f3 Bd6 10. g3 h5 11. Qd2 Be7 12. Rc1 d6 13. 0-0 Nbd7 14. b4 Rc8 15. Rfe1 Qb8 16. Bf1 Bd8 17. Bg5 Bc7 18. Bh3 0-0 19. f4 Bd8 20. Qe2 b5 21. c5 dxc5 22. Nxe6 Bb6 23. Nxf8 cxb4+ 24. Kf1 Rxf8 25. Nd5 Nxd5 26. exd5 Qd6 27. Bf5 Nf6 28. Bxf6 Qxf6 29. Qe5 Qxe5 30. Rxe5 Bd4 31. Re4 Bc3 32. Rd1 Rd8 33. Re7 Ba8 34. d6 Kf8 35. Rc7 g6 36. Rc8 Ke8 37. d7+ Ke7 38. Bh3 Bb7 39. Rd3 f5 40. Rxd8 Kxd8 41. Rd6 a5 42. Rxg6 Be4 43. Ke2 a4 44. Ke3 b3 45. Bf1 Kxd7 46. Bxb5+ Kc7 47. axb3 axb3 48. Bc4 b2 49. Ba2 Bd5 50. Bb1 Be4 51. Ba2 Bd5 1/2-1/2

[Event "EU-ch U18 Girls 18th"]
[Site "Herceg Novi"]
[Date "2008.09.21"]
[Round "6"]
[White "Gosciniak, Maria"]
[Black "Wierzbicka, Wiktoria"]
[Result "1-0"]
[WhiteElo "2096"]
[BlackElo "2033"]
[PlyCount "95"]
[EventDate "2008.09.15"]
[EventType "swiss"]
[EventRounds "9"]
[EventCountry "MNE"]
[SourceTitle "CBM 126 Extra"]
[Source "ChessBase"]
[SourceDate "2008.11.05"]
[SourceVersion "1"]
[SourceVersionDate "2008.11.05"]
[SourceQuality "1"]

1. e4 c5 2. Nf3 d6 3. d4 cxd4 4. Nxd4 Nf6 5. Nc3 a6 6. Bc4 e6 7. Bb3 Be7 8. 0-0 Nc6 9. Be3 0-0 10. f4 Nxd4 11. Bxd4 b5 12. e5 dxe5 13. fxe5 Nd7 14. Ne4 Bb7 15. Nd6 Bxd6 16. exd6 Qg5 17. Qe2 e5 18. Be3 Qg6 19. Rad1 Kh8 20. c4 f5 21. Bc2 bxc4 22. Rf2 Rac8 23. Qf1 e4 24. Bf4 Qe6 25. b3 Bd5 26. b4 Ne5 27. Bxe5 Qxe5 28. Rfd2 Be6 29. d7 Rcd8 30. Rd4 e3 31. Qe1 f4 32. Qh4 h6 33. Re4 Qf6 34. Qxf6 Rxf6 35. Rd6 Bxd7 36. Rxd7 Rdf8 37. Bd1 c3 38. Rc4 Re6 39. Be2 Rb6 40. a3 a5 41. Rdd4 axb4 42. axb4 Ra6 43. Rxc3 Ra1+ 44. Rd1 Ra2 45. Kf1 g5 46. h3 h5 47. Rc5 Rg8 48. Ke1 1-0

[Event "EU-ch U18 Girls 18th"]
[Site "Herceg Novi"]
[Date "2008.09.19"]
[Round "5"]
[White "Wierzbicka, Wiktoria"]
[Black "Nemcova, Katerina"]
[Result "0-1"]
[WhiteElo "2033"]
[BlackElo "2372"]
[PlyCount "100"]
[EventDate "2008.09.15"]
[EventType "swiss"]
[EventRounds "9"]
[EventCountry "MNE"]
[SourceTitle "CBM 126 Extra"]
[Source "ChessBase"]
[SourceDate "2008.11.05"]
[SourceVersion "1"]
[SourceVersionDate "2008.11.05"]
[SourceQuality "1"]

1. e4 e5 2. Nf3 Nc6 3. Bb5 a6 4. Ba4 Nf6 5. d3 b5 6. Bb3 Bd6 7. c3 h6 8. 0-0 0-0 9. Re1 Re8 10. Nbd2 Bf8 11. h3 d6 12. Nf1 Bb7 13. Ng3 Na5 14. Bc2 c5 15. d4 g6 16. d5 Nc4 17. Nh2 Bc8 18. a4 Bd7 19. Qf3 Nb6 20. a5 Nc8 21. b4 c4 22. Be3 Bg7 23. Qd1 Nh7 24. Qd2 h5 25. Ne2 Qh4 26. f4 f5 27. Nf3 Qf6 28. Ng3 exf4 29. Bd4 Qf8 30. Qxf4 Bh6 31. Qh4 Ne7 32. Rad1 Qf7 33. Rf1 f4 34. Nh1 g5 35. Qf2 Ng6 36. Rde1 g4 37. hxg4 hxg4 38. Nd2 Ng5 39. e5 Nxe5 40. Qh4 Qg7 41. Nf2 Nh3+ 42. Nxh3 gxh3 43. Qf2 Ng4 44. Rxe8+ Rxe8 45. Qh4 Ne5 46. Qf2 Rf8 47. Nf3 Bg4 48. Kh2 hxg2 49. Bxe5 gxf1N+ 50. Qxf1 dxe5 0-1

[Event "EU-ch U18 Girls 18th"]
[Site "Herceg Novi"]
[Date "2008.09.18"]
[Round "4"]
[White "Ni, Viktorija"]
[Black "Wierzbicka, Wiktoria"]
[Result "0-1"]
[WhiteElo "2129"]
[BlackElo "2033"]
[PlyCount "82"]
[EventDate "2008.09.15"]
[EventType "swiss"]
[EventRounds "9"]
[EventCountry "MNE"]
[SourceTitle "CBM 126 Extra"]
[Source "ChessBase"]
[SourceDate "2008.11.05"]
[SourceVersion "1"]
[SourceVersionDate "2008.11.05"]
[SourceQuality "1"]

1. d4 d5 2. c4 c6 3. e3 Nf6 4. Qc2 e6 5. Nc3 Nbd7 6. Nf3 Bd6 7. Bd3 0-0 8. cxd5 exd5 9. 0-0 Re8 10. Bd2 Nf8 11. h3 Qe7 12. a3 Ne4 13. b4 Ng6 14. Be1 Bf5 15. Nd2 Nh4 16. g4 Nxd2 17. Bxd2 Be4 18. f4 Nf3+ 19. Rxf3 Bxf3 20. Bxh7+ Kh8 21. Rf1 Qh4 22. Rxf3 Qxh7 23. f5 Qh4 24. f6 Re6 25. fxg7+ Kxg7 26. e4 dxe4 27. Nxe4 Rae8 28. Nf2 Rf6 29. Rxf6 Qxf6 30. Qd3 Kg8 31. g5 Qg6 32. Qxg6+ fxg6 33. Kf1 Kf7 34. Bc1 Bg3 35. Nd3 Re4 36. Kg2 Rxd4 37. Nc5 b6 38. Kxg3 bxc5 39. bxc5 Rc4 40. Be3 Rc3 41. Kf3 Rxa3 0-1